| 000 | 00000nam##2200000za#4500 |
| 001 | 9.662961 |
| 003 | CaOODSP |
| 005 | 20210927150353 |
| 007 | ta |
| 008 | 150407|2001||||xxc||||| f|0| 0 eng|d |
| 020 | |a0-662-65901-5 |
| 040 | |aCaOODSP|beng |
| 041 | |aeng |
| 041 | |afre |
| 043 | |an-cn--- |
| 086 | 1 |aR2-162/1996 |
| 110 | 1 |aCanada. |bIndian and Northern Affairs Canada. |
| 245 | 10|aAboriginal women: a profile from the 1996 census |
| 250 | |a2nd edition. |
| 260 | |aOttawa - Ontario : |bIndian and Northern Affairs |c2001. |
| 300 | |aEnglish text, xii, 31p. : |bgraphs, illus., references, tables ; |c28 cm. |
| 546 | |aBilingual |
| 563 | |aSpiral binding |
| 590 | |a02-22|b2002-05-31 |
| 690 | 07|aIndigenous peoples|2gcpds |
| 690 | 07|aStatus of women|2gcpds |
| 776 | 0#|tLes femmes autochtones : |w(CaOODSP)9.633134 |
| 776 | 0#|tAboriginal women : |w(CaOODSP)9.688718 |
| 792 | |tLes femmes autochtones: un portrait d'après le recensement de 1996 |efre|w(CaOODSP)9.662962 |